| 000 | 00808cam a22002412 4500 | ||
|---|---|---|---|
| 001 | 0000001768 | ||
| 005 | 20151217151827.0 | ||
| 008 | 070326s xx 000 0 eng d | ||
| 020 |
_a0787908584 : _cUSD 25.00 |
||
| 040 |
_aKABU _cKABU |
||
| 050 | 0 |
_aHD38.2 _b.B459 1999 |
|
| 100 | 1 |
_aBenfari, Robert. _@0000096751 |
|
| 245 | 1 | 0 |
_aUnderstanding and changing your management style / _cRobert C. Benfari. |
| 260 |
_aSan Francisco : _bJossey-Bass Publishers, _c1999. |
||
| 300 | _axiii, 282 p. | ||
| 650 | 0 |
_aManagement. _@0000083920 |
|
| 650 | 0 |
_aExecutive ability. _@0000150694 |
|
| 908 | _a070326 | ||
| 950 | _@1 | ||
| 999 |
_c5442 _d5442 |
||